000 00831 a2200181 4500
003 Nust
005 20230131103106.0
022 _a9757388467
040 _cNust
082 _a297.63, RAH
100 _aRahman, Afzallur
_9108159
245 _aProphet Muhammad as a Military Leader and Commander
_cAfzallur Rahman,
260 _aIslmabad
_bPN Book Club
_c1998
300 _a330 p
505 _aThe Prophet of Universal Mercy (Page-1), War in Islam (Page-18), Early Military Expeditions and the Battle of Badr (Page-39), The Battle of Uhud (Page-58), The Battle of the Trench (Page-74), The Conquest of Makka and its Aftermath (Page-82), Evaluation of the Prophet Military Achievements (Page-92), The Prophet Muhammad as Universal Leader (Page-100).
650 _aProphet Muhammad as Commander
_9108160
942 _2ddc
_cBK
999 _c195247
_d195247